| 000 | 00494nam a22001577a 4500 | ||
|---|---|---|---|
| 008 | 230612b |||||||| |||| 00| 0 eng d | ||
| 040 |
_aNational Science Library _cNational Science Library |
||
| 080 |
_a693 _bL7 |
||
| 100 | _aFattal, S G | ||
| 245 | _aEvaluation of structural properties of masonry in existing buildings | ||
| 260 |
_aWashington D C: _bU S Department of Commerce, _61977 |
||
| 300 | _a117p. | ||
| 650 | _aLanguage | ||
| 653 | _aIndustry | ||
| 942 |
_2udc _cREF |
||
| 999 |
_c42163 _d42163 |
||